NHL Teams by Picture - Statistics

General Stats
  • This quiz has been taken 110 times
  • The average score is 11 of 16
Answer Stats
Picture Answer % Correct
Washington Capitals
97%
Carolina Hurricanes
93%
Boston Bruins
91%
Calgary Flames
88%
Toronto Maple Leafs
88%
New York Rangers
84%
St. Louis Blues
78%
Chicago Blackhawks
77%
Montréal Canadiens
68%
Columbus Blue Jackets
67%
Ottawa Senators
61%
Hartford Whalers
59%
Oakland Seals
56%
Detroit Red Wings
51%
Cleveland Barons
41%
Toronto Arenas
10%
No matching quizzes found
Score Distribution
Percent of People with Each Score
Percentile by Number Answered
Your Score History
You have not taken this quiz